Zhodnotenie vplyvu Dohody o voľnom obchode medzi EÚ a Kórejskou republikou na konkurencieschopnosť ich zahraničného obchodu (s primárnym zameraním na vzťah SR - KR)
Indikártory na hodnotenie konkurencieschopnosti ekonomiky. Zhodnotenie účinkov liberalizácie vrámci Dohody o voľnom obchode medzi EÚ a KR na zahraničný obchod EÚ, KR a SR, výsledky merania. Vplyv dohody na zmeny tovarových tokov. Vývoj zahraničnoobchodnej výmeny SR a KR v rokoch 2010-2015.
Uložené v:
| Hlavný autor: | |
|---|---|
| Médium: | Kapitola |
| Jazyk: | Slovak |
| Predmet: | |
| Tagy: |
Žiadne tagy, Buďte prvý, kto otaguje tento záznam!
|
MARC
| LEADER | 00000nla a2200000 4500 | ||
|---|---|---|---|
| 001 | 0237142 | ||
| 005 | 20240502073829.2 | ||
| 041 | 0 | |a slo | |
| 044 | |a SK | ||
| 245 | 1 | 0 | |a Zhodnotenie vplyvu Dohody o voľnom obchode medzi EÚ a Kórejskou republikou na konkurencieschopnosť ich zahraničného obchodu (s primárnym zameraním na vzťah SR - KR) |c Viera Ružeková |
| 520 | |a Indikártory na hodnotenie konkurencieschopnosti ekonomiky. Zhodnotenie účinkov liberalizácie vrámci Dohody o voľnom obchode medzi EÚ a KR na zahraničný obchod EÚ, KR a SR, výsledky merania. Vplyv dohody na zmeny tovarových tokov. Vývoj zahraničnoobchodnej výmeny SR a KR v rokoch 2010-2015. | ||
| 610 | 2 | 0 | |a konkurencieschopnosť |
| 610 | 2 | 0 | |a obchod zahraničný |
| 610 | 2 | 0 | |a dovoz |
| 610 | 2 | 0 | |a vývoz |
| 610 | 2 | 0 | |a obchod voľný |
| 610 | 2 | 0 | |a dohody medzinárodné |
| 610 | 2 | 0 | |a spolupráca hospodárska medzinárodná |
| 610 | 2 | 0 | |a indexy |
| 610 | 2 | 0 | |a Slovensko |
| 610 | 2 | 0 | |a Južná Kórea |
| 610 | 2 | 0 | |a Európska únia |
| 100 | 1 | |a Ružeková, Viera, 1957- | |